BIBLIOTECA PODER JUDICIAL
Portal Judicial TDF

Habeas cogitationem : (Registro nro. 5632)

000 -LEADER
fixed length control field 01596nab a22003017a 4500
003 - CONTROL NUMBER IDENTIFIER
control field OSt
005 - DATE AND TIME OF LATEST TRANSACTION
control field 20251223004550.0
008 - FIXED-LENGTH DATA ELEMENTS--GENERAL INFORMATION
fixed length control field 190429b xxu||||| |||| 00| 0 spa d
040 ## - CATALOGING SOURCE
Transcribing agency PJ
100 ## - MAIN ENTRY--PERSONAL NAME
9 (RLIN) 6604
Personal name Gutiérrez, Ramiro
245 10 - TITLE STATEMENT
Title Habeas cogitationem :
Remainder of title la protección de la mente y el pensamiento en épocas de riesgo tecnológico /
Statement of responsibility, etc Ramiro Gutiérrez, José A. Marinaro.
260 ## - PUBLICATION, DISTRIBUTION, ETC. (IMPRINT)
Date of publication, distribution, etc Ciudad Autónoma de Buenos Aires :
Place of publication, distribution, etc Thomson Reuters La Ley,
Name of publisher, distributor, etc 2025.
300 ## - PHYSICAL DESCRIPTION
Extent p. 245-252
500 ## - GENERAL NOTE
General note Cita: TR LALEY AR/DOC/2851/2025.
505 ## - FORMATTED CONTENTS NOTE
Formatted contents note Sumario: I. Introducción.— II. Sobre las nuevas rutas regulatorias.— III. Sobre los organismos internacionales.— IV. Sobre la libertad de pensamiento como sustrato básico y omnicomprensivo.— V. Sobre el Principio de Precaución y las dinámicas evolutivas neurotecnológicas.— VI. Argentina da el paso hacia una nueva garantía. Presentación del proyecto de ley.
505 ## - FORMATTED CONTENTS NOTE
Title Si te interesa el texto completo, solicitalo a koha@justierradelfuego.gov.ar
650 #0 - SUBJECT ADDED ENTRY--TOPICAL TERM
9 (RLIN) 343
Topical term or geographic name as entry element DERECHO PENAL
650 #0 - SUBJECT ADDED ENTRY--TOPICAL TERM
9 (RLIN) 2082
Topical term or geographic name as entry element HÁBEAS CORPUS
650 #0 - SUBJECT ADDED ENTRY--TOPICAL TERM
9 (RLIN) 2072
Topical term or geographic name as entry element HABEAS DATA
650 #0 - SUBJECT ADDED ENTRY--TOPICAL TERM
9 (RLIN) 3637
Topical term or geographic name as entry element TUTELA JUDICIAL EFECTIVA
650 #0 - SUBJECT ADDED ENTRY--TOPICAL TERM
9 (RLIN) 179
Topical term or geographic name as entry element GARANTIAS CONSTITUCIONALES ›
650 #0 - SUBJECT ADDED ENTRY--TOPICAL TERM
9 (RLIN) 6605
Topical term or geographic name as entry element INFORMACIÓN SENSIBLE
650 #0 - SUBJECT ADDED ENTRY--TOPICAL TERM
9 (RLIN) 1214
Topical term or geographic name as entry element LIBERTAD DE CULTOS
650 #0 - SUBJECT ADDED ENTRY--TOPICAL TERM
9 (RLIN) 4193
Topical term or geographic name as entry element PROYECTO DE LEY
700 ## - ADDED ENTRY--PERSONAL NAME
9 (RLIN) 6590
Personal name Marinaro, José Angel
Función coautor
773 0# - HOST ITEM ENTRY
Host Biblionumber 2658
Host Itemnumber 3164
Title Revista de derecho penal y criminología. Nº 11 - Diciembre 2025
Place, publisher, and date of publication Ciudad Autónoma de Buenos Aires : Thomson Reuters La Ley, 2017-
International Standard Serial Number 00347914
942 ## - ADDED ENTRY ELEMENTS (KOHA)
Source of classification or shelving scheme
Koha item type Analítica Artículo de Revista

No hay ítems disponibles.

12 de Octubre 789 Ushuaia - Tel:  54(02901)441571
Horario de Atención: 8.00 a 17.00 hs. 
bibliotecaush@justierradelfuego.gov.ar
koha@justierradelfuego.gov.ar
Seguinos en nuestras redes @bibliojustdf 

Con tecnología Koha